000 00835nac a22002537a 4500
001 BR6600095
003 BR-BrBNA
005 20240105113306.0
008 230509b bl.|||m| |||| 00| 0 por d
040 _aBR-BrBNA
_bpor
_cBiblioteca Nacional de Agricultura
072 _aE15; D50
090 _aE15 BR6600095
100 1 _aBulgarelli, W.
245 1 _aAs cooperativas e o Plano Nacional de Habitacao [Legislacao economica; Brasil]
260 3 _aSao Paulo, SP (Brasil):
_bPioneira,
_c1966.
300 _a170 p.
490 _aBiblioteca Pioneira de Estudos Cooperativos (Brazil)
_v
_x
500 _a46 ref. (*) Documento disponível na(o) INCRA, Brasilia, DF (Brazil)
650 _aMicroeconomia
650 _aLegislacao
650 _aCooperativa
909 _a202312
_bLúcia Elande
_c55
_dLúcia Elande
942 _2AGRIS
_n0
_cMS
999 _c262928
_d262928